000 00299nam a22001337a 4500
008 170929b xxu||||| |||| 00| 0 eng d
020 _a9780618433926
041 _aeng
080 _a37
100 _a47
101 _aEDU
245 _aDISCRETE MATHEMATICS FOR TEACHERS
_cWHEELER
942 _2udc
_cBK
999 _c30686
_d30686